00437 a2200121 4500001001000000005001700010008004100027245010300068100002000171700003100191773007600222999001700298ART_6156320260410161611.0260409a 10aAjuste por inflación - Cierres 30 de junio 2024- Entes incluidos en la Resolución Técnica 411 aVeiras, Alberto1 aPaulone, Héctor Mauricio0 tProfesional & Empresariag- Año XXVI, Nº 299 (sep./oct. 2024)wREV70 c10674d10674